10 questions sur une ville française #12 : NICE - Statistiques

Statistiques générales
  • Ce quiz a été pris 341 fois
  • Le résultat moyen est 6 sur 10
Statistiques - réponses
Question Réponse % Correct
Quel classement occupe-t-elle en termes d'habitants en France ? 5ème
89%
Quel est le prénom du surfeur niçois incarné à l'écran par Jean Dujardin ? Brice
87%
En quel jour de 2016 a eu lieu à Nice un attentat qui a coûté la vie à 86 personnes ? Le 14 juillet
85%
Quel sandwich niçois contient notamment du thon, des olives et des crudités ? Le pan bagnat
63%
Combien Nice compte-t-elle d'habitants ? (à 10 000 près) 342 522
58%
Quelle femme politique ayant occupé de nombreuses fonctions est née à Nice en 1927 ? Simone Veil
53%
Comment se nomme la femme niçoise incarnée par l'humoriste Noëlle Perna ? Mado
46%
De quelle région française à proximité Nice dépasse-t-elle à elle seule le nombre d'habitants ? La Corse
39%
Quelle est sa superficie ? (à 10 km² près) 71,92 km²
38%
Depuis quelle année Nice est-elle française ? 1860
37%
Aucun quiz correspondant
Distribution des résultats
% des personnes avec chaque résultat
Percentile par nombre de réponses
Votre historique - résultats
Vous n’avez pas pris ce quiz